KOHA-Header-6

Engineering Ethics (Record no. 12882)

000 -LEADER
fixed length control field 00256nam a22001217a 4500
020 ## - INTERNATIONAL STANDARD BOOK NUMBER
ISBN 9783319040950
082 ## - DEWEY DECIMAL CLASSIFICATION NUMBER
Classification number 174.962
100 ## - MAIN ENTRY--AUTHOR NAME
Personal name Bowen W.Richard
245 ## - TITLE STATEMENT
Title Engineering Ethics
260 ## - PUBLICATION, DISTRIBUTION, ETC. (IMPRINT)
Place of publication UK
Name of publisher Springer
Year of publication 2014
300 ## - PHYSICAL DESCRIPTION
Number of Pages 146 pages
942 ## - ADDED ENTRY ELEMENTS (KOHA)
Koha item type Books
Holdings
Withdrawn status Lost status Collection code Permanent Location Current Location Shelving location Date acquired Full call number Accession Number Koha item type
    CSE MAJU MAJU Shelf No.A31 2020-12-22 174.962 9998 Computer System Engineering

Powered by Koha